00910nam a2200289 a 4500003000900000005001700009008004100026020001800067040001300085100003100098245010600129250001200235260003100247300001100278490002300289504003500312650001700347650001300364650002600377650002800403650003400431650001400465942000700479998001100486999001700497952010600514AR-BaBNM20251128210252.0082120s2002 ||||||||||||||000 | spa|| a84-281-0910-9 cAR-BaBNM1 aCastillo Ceballos, Gerardo00aCautivos en la adolescenciablos hijos que siguen en el nido, los hijos que se refugian en el alcohol a1ª ed. aBarcelonabOikos-tauc1997 a198 p. 0aOikos textosvv. 9 aContiene bibliografía p. 199 4aADOLESCENCIA 4aJUVENTUD 4aRELACION PADRES-HIJOS 4aEDUCACION DE LOS PADRES 4aRESPONSABILIDAD DE LOS PADRES 4aDESEMPLEO cBK cRaquel c14714d14714 00102ddc405171aLPLbLPLd2025-11-28l0o37.048 CASTp119147r2025-11-28 21:02:52w2025-11-28yBK